10 Biggest Cities in Nicaragua on a Map - Statistics

General Stats
  • This quiz has been taken 197 times
  • The average score is 5 of 10
Answers on the Map
Answers color-coded by a green-red scale on the quiz's map according to % correct below.
 
Answer Stats
City Pop. % Correct
Managua 1,038,785
99%
León 171,255
72%
Granada 102,089
61%
Masaya 129,980
46%
Estelí 107,357
43%
Chinandega 112,260
42%
Matagalpa 106,697
41%
Puerto Cabezas 75,759
28%
Tipitapa 134,103
28%
Ciudad Sandino 115,790
22%
No matching quizzes found
Score Distribution
Percent of People with Each Score
Percentile by Number Answered
Your Score History
You have not taken this quiz